Nghiên cứu thành phần loài và đặc điểm phân bố của cá ở hệ thống sông của huyện Núi Thành, tỉnh Quảng Nam
Xác định được thành phần loài và độ đa dạng của khu hệ cá hệ thống sông của huyện Núi Thành, tỉnh Quảng Nam.Đánh giá được đặc điểm sinh thái, sự phân bố cá ở hệ thống sông Núi Thành, tỉnh Quảng Nam. Tìm hiểu thực trạng khai thác và đề xuất các biện pháp bảo vệ, phát triển bền vững nguồn lợi cá....
Đã lưu trong:
| 主要作者: | |
|---|---|
| 其他作者: | |
| 格式: | 图书 |
| 语言: | Vietnamese |
| 出版: |
Đà Nẵng
Đại học Đà Nẵng
2014
|
| 主题: | |
| 标签: |
添加标签
没有标签, 成为第一个标记此记录!
|
| Thư viện lưu trữ: | Mạng thư viện Đại học Đà Nẵng |
|---|
| LEADER | 01842nam a2200337 4500 | ||
|---|---|---|---|
| 001 | 000019455 | ||
| 003 | 15890 | ||
| 005 | 20141218141249.0 | ||
| 008 | 140505s2014 viesd | ||
| 041 | |a vie | ||
| 082 | 1 | 4 | |a 597.176 |b NG-S |
| 100 | |a Nguyễn Thị Sen | ||
| 245 | |a Nghiên cứu thành phần loài và đặc điểm phân bố của cá ở hệ thống sông của huyện Núi Thành, tỉnh Quảng Nam |c Nguyễn Thị Sen ; Vũ Thị Phương Anh hướng dẫn. |k Luận văn Thạc sĩ | ||
| 260 | |a Đà Nẵng |b Đại học Đà Nẵng |c 2014 | ||
| 300 | |a 86 tr., phụ lục 35 tr. |c 29 cm. |e Tóm tắt | ||
| 500 | |a Luận văn thạc sĩ Khoa học. Chuyên ngành: Sinh thái học. Mã số: 60.42.60. | ||
| 520 | |a Xác định được thành phần loài và độ đa dạng của khu hệ cá hệ thống sông của huyện Núi Thành, tỉnh Quảng Nam.Đánh giá được đặc điểm sinh thái, sự phân bố cá ở hệ thống sông Núi Thành, tỉnh Quảng Nam. Tìm hiểu thực trạng khai thác và đề xuất các biện pháp bảo vệ, phát triển bền vững nguồn lợi cá. | ||
| 650 | 0 | 4 | |a Cá nước ngọt |v Luận văn tốt nghiệp |x Nghiên cứu |z Quảng Nam |
| 653 | |a Sinh thái học | ||
| 653 | |a Cá nước ngọt | ||
| 700 | 1 | |a Vũ Thị Phương Anh |c TS. |e Hướng dẫn | |
| OWN | |a LSP | ||
| AVA | |a UDN50 |b LSP |d 597.176 NG-S |e available |t Error 5001 Not defined in file expand_doc_bib_avail. |f 1 |g 0 |h N |i 0 |k 1 | ||
| 999 | |a From the UDN01 | ||
| AVA | |a UDN50 |b LSP |d 597.176 NG-S |e available |t Error 5001 Not defined in file expand_doc_bib_avail. |f 1 |g 0 |h N |i 0 |k 1 | ||
| TYP | |a Monograph | ||
| TYP | |a Printed language | ||
| 980 | |a Mạng thư viện Đại học Đà Nẵng | ||